| 000 | 00603nam a2200181 4500 | ||
|---|---|---|---|
| 001 | 135799 | ||
| 003 | ES-MaACL | ||
| 007 | t| | ||
| 008 | 070214s1946 ag r ||||1| spa d | ||
| 100 | 1 |
_aRoux, Horacio Lucio. _9100109 |
|
| 245 | 1 | 3 |
_aLa vesícula biliar _b: ; Anatomía comparada ; Etiopatogenia ; Tratamiento homeopático / _cHoracio Lucio Roux. |
| 260 |
_aBuenos Aires : _bLópez Etchegoyen, _c1946. |
||
| 300 |
_a109 p., 1 lám. : _bil. ; _c27 cm. |
||
| 740 | 0 | _aAnatomía comparada. | |
| 740 | 0 | _aEtiopatogenia. | |
| 740 | 0 | _aTratamiento homeopático. | |
| 852 |
_aES-MaACL _jE-1931 _bR.22848 |
||
| 999 |
_c135799 _d135799 |
||